Uchchattar madhyamik samajtattwa: (Record no. 9326)

MARC details
000 -LEADER
fixed length control field 00706cam a2200229ua 4500
005 - DATE AND TIME OF LATEST TRANSACTION
control field 20230909161324.0
008 - FIXED-LENGTH DATA ELEMENTS--GENERAL INFORMATION
fixed length control field 180404n ii |||gr||||Z||||||asm
020 ## - INTERNATIONAL STANDARD BOOK NUMBER
International Standard Book Number 9788173394874
040 ## - CATALOGING SOURCE
Transcribing agency MAIN
Original cataloging agency IN-DiNC
041 ## - LANGUAGE CODE
Language code of sung or spoken text Assamese
082 ## - DEWEY DECIMAL CLASSIFICATION NUMBER
Classification number 301
Item number SAI
100 ## - MAIN ENTRY--PERSONAL NAME
Personal name Saikia, Utpal,
Relator term Author
245 ## - TITLE STATEMENT
Title Uchchattar madhyamik samajtattwa:
Statement of responsibility, etc. By Utpal Saikia and Mridul Saikia
Remainder of title samajtattwa parichay aru samajbodh (pratham barshikar babe)/
250 ## - EDITION STATEMENT
Edition statement 8th ed.
260 ## - PUBLICATION, DISTRIBUTION, ETC.
Place of publication, distribution, etc. Dibrugarh:
Name of publisher, distributor, etc. Banalata,
Date of publication, distribution, etc. 2017.
300 ## - PHYSICAL DESCRIPTION
Extent 276p.
650 ## - SUBJECT ADDED ENTRY--TOPICAL TERM
Topical term or geographic name entry element Sociology for class XI
700 ## - ADDED ENTRY--PERSONAL NAME
Personal name Saikia, Mridul,
Relator term Author
942 ## - ADDED ENTRY ELEMENTS (KOHA)
Koha item type Books
Source of classification or shelving scheme Dewey Decimal Classification
653 ## - INDEX TERM--UNCONTROLLED
Uncontrolled term Sociology & anthropology
653 ## - INDEX TERM--UNCONTROLLED
Uncontrolled term Uchhatar madhyamik samajtattwa
Holdings
Withdrawn status Lost status Damaged status Not for loan Home library Current library Shelving location Date acquired Total Checkouts Full call number Barcode Date last seen Date last checked out Copy number Price effective from Koha item type Date due
        Central Library, Naharkatiya College Central Library, Naharkatiya College General Stacks 19/09/2020 3 301 | SAI 25385 22/10/2021 12/02/2021 1 19/09/2020 Books  
        Central Library, Naharkatiya College Central Library, Naharkatiya College General Stacks 19/09/2020   301 | SAI 25386 24/09/2021   2 19/09/2020 Books  
        Central Library, Naharkatiya College Central Library, Naharkatiya College General Stacks 19/09/2020 8 301 | SAI 25387 17/11/2021 17/11/2021 3 19/09/2020 Books 05/12/2021

Naharkatiya College © 2020. All rights reserved.

Powered By